Mysterious castles and chateaux of Bohemia /

Hlavní autor: Seifertová, Lucie, 1969-
Jazyk: Angličtina
Vydáno: Prague : Slovart, 2002
Témata:
Fyzický popis: [10] s. : barev. il. ; 20 x 26 cm
Knihy
Uloženo v:
LEADER 01245nam a2200373 a 4500
001 000610121
003 CZ BrMZK
005 20090805063544.0
008 020711s2002 xr a 1 eng d
020 |a 80-7209-379-7 
040 |a BOA001  |b cze 
041 1 |a eng  |h cze 
043 |a e-xr--- 
072 7 |a 821-93  |x Literatura pro děti a mládež (beletrie)  |2 Konspekt  |9 26 
072 7 |a 72  |x Architektura  |2 Konspekt  |9 21 
080 |a 728.81  |2 MRF 
080 |a 728.82  |2 MRF 
080 |a (437.3)  |2 MRF 
080 |a (0.053.2)  |2 MRF 
080 |a (0.024.7)  |2 MRF 
100 1 |a Seifertová, Lucie,  |d 1969-  |7 jo2003193350  |4 aut 
245 1 0 |a Mysterious castles and chateaux of Bohemia /  |c Lucie Seifertová 
260 |a Prague :  |b Slovart,  |c 2002 
300 |a [10] s. :  |b barev. il. ;  |c 20 x 26 cm 
500 |a Přeloženo z češtiny 
500 |a Prostorová knížka 
650 0 7 |a hrady  |7 ph120854  |z Česko  |2 czenas 
650 0 7 |a zámky  |7 ph127734  |z Česko  |2 czenas 
655 7 |a prostorové publikace  |7 fd133144  |2 czenas 
655 7 |a publikace pro děti  |7 fd133156  |2 czenas 
910 |a BOA001  |b M3-1104.756 
990 |a BK 
991 |b 200607 
996 6 |b 2610166095  |c M3-1104.756  |l MZK  |r Sklad / do 24 hodin  |n 2  |p p.v.  |w 000610121  |u 000010  |a 1  |e BOA001  |j MZK50  |s P